| 000 | 01090pam a2200361 a 4500 | ||
|---|---|---|---|
| 001 | 5769 | ||
| 003 | FISKH | ||
| 005 | 20250121140621.0 | ||
| 008 | 910321r19921965nyua j 000 1 eng | ||
| 010 | _a 91014742 | ||
| 020 | _a0060247509 : | ||
| 020 | _a9780064440066 | ||
| 020 | _a0060247517 (lib. bdg.) | ||
| 040 |
_aDLC _cDLC _dDLC _beng |
||
| 050 | _aPZ7.P7125 | ||
| 082 | _a428.6 | ||
| 100 | 1 | _aPlatt, Kin. | |
| 245 | 1 | 0 |
_aBig Max / _cKin Platt ; illustrated by Robert Lopshire. |
| 250 | _aThis edition published in 1992 | ||
| 260 |
_aNew York : _bHarper Collins, _c1965. |
||
| 300 |
_a64 pages : _bcolor illustrations ; _c22 cm |
||
| 440 | 3 | _aAn I can read book | |
| 505 | _aJ | ||
| 520 | _aBig Max, the world's greatest detective, helps a king find his missing elephant. | ||
| 521 | 8 |
_a470
_bLexile |
|
| 521 | 8 |
_aJ
_bRaz-Plus |
|
| 650 | 1 | _aMystery and detective stories. | |
| 650 | 1 |
_aElephants _xFiction. |
|
| 700 | 1 |
_aLopshire, Robert, _eillustrator |
|
| 906 |
_a7 _bcbc _corignew _d1 _eocip _f19 _gy-gencatlg |
||
| 942 |
_2ddc _cBK _n0 |
||
| 999 |
_c5769 _d5769 |
||